An index of mathematical tables /
Guardado en:
| Autor Principal: | |
|---|---|
| Otros Autores: | , , |
| Formato: | Libro |
| Idioma: | English |
| Publicado: |
Reading, Mass. :
for Scientific Computing Service [by] Addison-Wesley,
1962.
|
| Edición: | 2nd ed. |
| Etiquetas: |
Agregar Etiqueta
Sin Etiquetas, Sea el primero en etiquetar este registro!
|
| LEADER | 01001nam a22002415a 4500 | ||
|---|---|---|---|
| 001 | MAT.inmabb001310 | ||
| 008 | 031122s1962####mau###########001#0#eng#d | ||
| 005 | 20170815124235.0 | ||
| 245 | 1 | 3 | |a An index of mathematical tables / |c by A. Fletcher, J. C. P. Miller, L. Rosenhead and L. J. Comrie. |
| 250 | |a 2nd ed. | ||
| 260 | |a Reading, Mass. : |b for Scientific Computing Service [by] Addison-Wesley, |c 1962. | ||
| 300 | |a 2 v. (xi, 994 p.) ; |c 26 cm. | ||
| 500 | |a 1ª ed. publicada en 1946. | ||
| 505 | 0 | |a v. 1. Introduction ; pt. 1, Index according to functions -- v. 2. pt. 2, Bibliography ; pt. 3, Errors ; pt. 4, Index to Introduction and Part I. | |
| 510 | 4 | |a MR, |c 26 #365a | |
| 100 | 1 | |a Fletcher, A. |q (Alan), |d 1903- | |
| 700 | 1 | |a Miller, J. C. P. | |
| 700 | 1 | |a Rosenhead, L. | |
| 700 | 1 | |a Comrie, L. J. |q (Leslie John), |d 1893-1950. | |
| 084 | |a 65A05 |2 msc2000 | ||
| 010 | |a 62013521 | ||
| 859 | |h 65 |i In38-2 |p A-1551 |v 1 |3 Vol. 1 |b BIB. MATEMATICA | ||
| 859 | |h 65 |i In38-2 |p A-1552 |v 2 |3 Vol. 2 |b BIB. MATEMATICA | ||
